[Event "Moscow Aeroflot op-A"]
[Site "Moscow"]
[Date "2024.03.05"]
[Round "5"]
[White "Uskov, Artem"]
[Black "Nesterov, Arseniy"]
[Result "1/2-1/2"]
[WhiteElo "2392"]
[BlackElo "2592"]
[PlyCount "65"]
[EventDate "2024.03.03"]
[EventType "swiss"]
[EventRounds "9"]
[EventCountry "RUS"]
[SourceTitle "CB11_2024"]
[SourceDate "2024.03.13"]
[SourceVersion "1"]
[SourceVersionDate "2024.03.13"]
[SourceQuality "1"]

1. Nf3 d5 2. g3 Nf6 3. Bg2 c5 4. 0-0 e6 5. c4 d4 6. e3 Nc6 7. d3 h6 8. Na3 Be7 9. Nc2 0-0 10. exd4 cxd4 11. Re1 a5 12. Rb1 Re8 13. a3 a4 14. b4 axb3 15. Rxb3 Nd7 16. Rb5 Nc5 17. Ne5 Nxe5 18. Rxe5 Ra5 19. Rb1 Bf6 20. Re1 Bd7 21. Bd2 Ra7 22. Qe2 Qc7 23. Bb4 Na4 24. Rec1 Bc6 25. Bd2 Rd8 26. Rb3 Nc5 27. Rbb1 Rc8 28. Re1 Ba4 29. Nb4 Bd7 30. Nc2 Ba4 31. Nb4 Bd7 32. Nc2 Ba4 33. Nb4 1/2-1/2

[Event "Moscow Aeroflot op-A"]
[Site "Moscow"]
[Date "2024.03.04"]
[Round "4"]
[White "Nesterov, Arseniy"]
[Black "Tsaruk, Maksim"]
[Result "1/2-1/2"]
[WhiteElo "2592"]
[BlackElo "2480"]
[PlyCount "214"]
[EventDate "2024.03.03"]
[EventType "swiss"]
[EventRounds "9"]
[EventCountry "RUS"]
[SourceTitle "CB11_2024"]
[SourceDate "2024.03.13"]
[SourceVersion "1"]
[SourceVersionDate "2024.03.13"]
[SourceQuality "1"]

1. d4 f5 2. c4 Nf6 3. g3 d6 4. Nf3 g6 5. Bg2 Bg7 6. 0-0 0-0 7. Nc3 c6 8. Re1 Na6 9. Rb1 Ne4 10. Bd2 Nxd2 11. Qxd2 e5 12. dxe5 dxe5 13. Qxd8 Rxd8 14. e4 f4 15. Rbd1 Be6 16. b3 h6 17. gxf4 exf4 18. Ne2 Rxd1 19. Rxd1 g5 20. h4 g4 21. Nxf4 gxf3 22. Nxe6 fxg2 23. Rd7 Bf6 24. Rxb7 Re8 25. Rxa7 Nb4 26. Nc7 Rxe4 27. Kxg2 Bxh4 28. a3 Nd3 29. Ra6 Ne5 30. f3 Re2+ 31. Kh3 Bg5 32. Ne6 Re3 33. Kg2 Kf7 34. Nd4 c5 35. Ne6 Be7 36. b4 cxb4 37. axb4 Re2+ 38. Kg3 Bxb4 39. Nd4 Be1+ 40. Kh3 Rd2 41. Nf5 h5 42. Nd6+ Ke7 43. Nf5+ Kf7 44. Nd6+ Ke7 45. Nf5+ Kd7 46. Ra7+ Kc6 47. Ne7+ Kd6 48. Nf5+ Ke6 49. Ng7+ Kf6 50. Nxh5+ Kf5 51. Ra5 Rd7 52. Ng3+ Bxg3 53. Kxg3 Rd3 54. Ra8 Rxf3+ 55. Kg2 Rc3 56. Rf8+ Ke4 57. c5 Rxc5 58. Ra8 Rc7 59. Ra4+ Ke3 60. Ra3+ Nd3 61. Kg3 Rg7+ 62. Kh4 Kf4 63. Ra4+ Kf5 64. Ra5+ Ne5 65. Kh3 Rg8 66. Kh4 Rc8 67. Kg3 Rc3+ 68. Kf2 Kf4 69. Ra4+ Nc4 70. Ke2 Ke4 71. Kf2 Rc2+ 72. Kg3 Ke3 73. Kg4 Rg2+ 74. Kh3 Rc2 75. Kg4 Rc1 76. Kf5 Rf1+ 77. Kg5 Nd6 78. Ra3+ Ke4 79. Ra4+ Ke5 80. Ra5+ Ke6 81. Ra6 Rb1 82. Kf4 Rb4+ 83. Kf3 Ke5 84. Ra5+ Nb5 85. Kg3 Ke4 86. Ra8 Nd6 87. Kg4 Nf7 88. Re8+ Ne5+ 89. Kg3 Rb2 90. Re6 Rb8 91. Kf2 Rg8 92. Re7 Kf4 93. Ra7 Nd3+ 94. Ke2 Nc5 95. Rf7+ Ke4 96. Re7+ Kd4 97. Ra7 Re8+ 98. Kf3 Re3+ 99. Kg4 Nd3 100. Ra4+ Kd5 101. Ra5+ Nc5 102. Kf4 Re8 103. Kf3 Kd4 104. Ra7 Rf8+ 105. Ke2 Rb8 106. Kf3 Rb7 107. Rxb7 Nxb7 1/2-1/2

[Event "Budapest FS02 GM"]
[Site "Budapest"]
[Date "2024.02.13"]
[Round "9"]
[White "Nesterov, Arseniy"]
[Black "Harsh, Suresh"]
[Result "1/2-1/2"]
[WhiteElo "2584"]
[BlackElo "2402"]
[PlyCount "66"]
[EventDate "2024.02.03"]
[EventType "tourn"]
[EventRounds "9"]
[EventCountry "HUN"]
[EventCategory "7"]
[SourceTitle "CB08_2024"]
[SourceDate "2024.02.21"]
[SourceVersion "1"]
[SourceVersionDate "2024.02.21"]
[SourceQuality "1"]

1. d4 d5 2. c4 e6 3. Nc3 Nf6 4. cxd5 exd5 5. Bg5 Bb4 6. e3 h6 7. Bh4 g5 8. Bg3 Ne4 9. Nge2 h5 10. h3 Nc6 11. Bh2 g4 12. Bf4 gxh3 13. a3 Nxc3 14. Nxc3 Bd6 15. Qf3 Be6 16. Bxd6 hxg2 17. Bxg2 Qxd6 18. Nxd5 0-0-0 19. Nf6 h4 20. 0-0-0 Kb8 21. Ne4 Bd5 22. Nxd6 Bxf3 23. Bxf3 Rxd6 24. Rh3 Ne7 25. Rdh1 Rf6 26. R1h2 c6 27. Kd2 Kc7 28. Ke2 Rfh6 29. Rg2 Kd6 30. Rg4 f5 31. Rg2 Ke6 32. Kd3 Rd8 33. Ke2 Rdh8 1/2-1/2

[Event "Budapest FS02 GM"]
[Site "Budapest"]
[Date "2024.02.03"]
[Round "1"]
[White "Varadi, Viktor"]
[Black "Nesterov, Arseniy"]
[Result "1/2-1/2"]
[WhiteElo "2369"]
[BlackElo "2584"]
[PlyCount "110"]
[EventDate "2024.02.03"]
[EventType "tourn"]
[EventRounds "9"]
[EventCountry "HUN"]
[EventCategory "7"]
[SourceTitle "CB08_2024"]
[SourceDate "2024.02.21"]
[SourceVersion "1"]
[SourceVersionDate "2024.02.21"]
[SourceQuality "1"]

1. e4 c6 2. d4 d5 3. Nc3 dxe4 4. Nxe4 Nf6 5. Nxf6+ exf6 6. c3 Bd6 7. Bd3 0-0 8. Qc2 Re8+ 9. Ne2 h5 10. 0-0 h4 11. Bd2 Nd7 12. h3 Nf8 13. Rae1 Bd7 14. f4 c5 15. d5 b5 16. b3 a5 17. c4 b4 18. Kh1 Qc7 19. Qd1 a4 20. Nc1 axb3 21. axb3 f5 22. Rxe8 Rxe8 23. Bc2 Nh7 24. Qh5 Be7 25. Re1 Nf6 26. Qf3 g6 27. Kg1 Bd6 28. Rxe8+ Bxe8 29. Qf2 Qa5 30. Qxh4 Qa1 31. Qe1 Qb2 32. Bd3 Bd7 33. Qf2 Ne4 34. Bxe4 fxe4 35. Be3 Qf6 36. g4 Qc3 37. Kg2 Bc8 38. Qd2 Qf6 39. Qf2 Qc3 40. Qd2 Qf6 41. Ne2 g5 42. f5 Qe5 43. Bg1 f6 44. Qe3 Kf7 45. Ng3 Qb2+ 46. Qe2 Qxb3 47. Nxe4 Be5 48. Nxg5+ fxg5 49. Qxe5 Qxc4 50. Bf2 b3 51. f6 Kg6 52. Be3 Qe2+ 53. Kg3 Qe1+ 54. Kg2 Qe2+ 55. Kg3 Qe1+ 1/2-1/2

[Event "Chessable Masters Play In"]
[Site "Chess.com INT"]
[Date "2024.01.31"]
[Round "6"]
[White "Nesterov, Arseniy"]
[Black "Cardoso Cardoso, Jose Gabriel"]
[Result "0-1"]
[WhiteElo "2584"]
[BlackElo "2477"]
[PlyCount "106"]
[EventDate "2024.01.31"]
[EventType "swiss (rapid)"]
[EventRounds "9"]
[EventCountry "USA"]
[SourceTitle "CB06_2024"]
[SourceDate "2024.02.07"]
[SourceVersion "1"]
[SourceVersionDate "2024.02.07"]
[SourceQuality "1"]

1. d4 Nf6 2. c4 e6 3. Nf3 b6 4. g3 Ba6 5. b3 Bb4+ 6. Bd2 Be7 7. Nc3 d5 8. Bg2 0-0 9. cxd5 exd5 10. Rc1 Bb7 11. 0-0 c5 12. Bg5 Nbd7 13. Ne5 cxd4 14. Nxd7 Qxd7 15. Qxd4 h6 16. Bxf6 Bxf6 17. Qd3 Rad8 18. Rfd1 d4 19. Bxb7 Qxb7 20. Ne4 Be5 21. Rc2 Rd7 22. Rdc1 Re8 23. Nd2 g6 24. Nf3 Bg7 25. h4 Qd5 26. Rc8 Rxc8 27. Rxc8+ Kh7 28. Kf1 Re7 29. Qc2 Rd7 30. Qd3 Bf6 31. a4 Kg7 32. Rc2 Qe6 33. Kg2 Qd5 34. Rd2 Qe6 35. Rd1 Rd8 36. h5 g5 37. Qc4 Qe4 38. Qd3 Qg4 39. Rc1 Qxh5 40. Rc7 Qg4 41. Rxa7 Rc8 42. Nh2 Qe6 43. b4 Rc3 44. Qb5 Rc2 45. Qd3 Rxe2 46. Nf3 Rb2 47. a5 Qd5 48. g4 Rb3 49. Qf5 Qxf5 50. gxf5 Rxb4 51. a6 Ra4 52. Nd2 d3 53. Ne4 Rxe4 0-1

[Event "Wch Blitz"]
[Site "Samarkand"]
[Date "2023.12.30"]
[Round "21"]
[White "Keymer, Vincent"]
[Black "Nesterov, Arseniy"]
[Result "1-0"]
[WhiteElo "2738"]
[BlackElo "2584"]
[PlyCount "61"]
[EventDate "2023.12.29"]
[EventType "swiss (blitz)"]
[EventRounds "21"]
[EventCountry "UZB"]
[SourceTitle "CB01_2024"]
[SourceDate "2024.01.03"]
[SourceVersion "1"]
[SourceVersionDate "2024.01.03"]
[SourceQuality "1"]

1. Nf3 d5 2. e3 Nf6 3. c4 e6 4. Nc3 Be7 5. b3 b6 6. Bb2 Bb7 7. cxd5 exd5 8. d4 0-0 9. Bd3 Nbd7 10. 0-0 Ne4 11. Qc2 Nxc3 12. Bxc3 h6 13. b4 a6 14. a4 Bd6 15. b5 axb5 16. axb5 Qe7 17. h3 Rfe8 18. Qb3 Nf6 19. Rfc1 Ne4 20. Be1 Ng5 21. Nxg5 hxg5 22. Be2 g6 23. Bf3 Qe6 24. Bb4 Kg7 25. Bxd6 Qxd6 26. Qc3 Rxa1 27. Rxa1 Bc8 28. Ra8 Rf8 29. Ra7 Bd7 30. Qxc7 Qe6 31. Qxd7 1-0

[Event "Wch Blitz"]
[Site "Samarkand"]
[Date "2023.12.30"]
[Round "16"]
[White "Nesterov, Arseniy"]
[Black "Caruana, Fabiano"]
[Result "0-1"]
[WhiteElo "2584"]
[BlackElo "2794"]
[PlyCount "114"]
[EventDate "2023.12.29"]
[EventType "swiss (blitz)"]
[EventRounds "21"]
[EventCountry "UZB"]
[SourceTitle "CB01_2024"]
[SourceDate "2024.01.03"]
[SourceVersion "1"]
[SourceVersionDate "2024.01.03"]
[SourceQuality "1"]

1. d4 Nf6 2. c4 e6 3. Nf3 d5 4. Nc3 c6 5. e3 a6 6. Qc2 c5 7. cxd5 exd5 8. Be2 Nc6 9. 0-0 cxd4 10. Nxd4 Nxd4 11. exd4 Be7 12. Bf3 0-0 13. Bg5 Be6 14. Qb3 h6 15. Bxf6 Bxf6 16. Rad1 Rc8 17. Nxd5 Bg5 18. Qxb7 Rb8 19. Qc6 Rxb2 20. Nc3 Qa5 21. Ne4 Rc8 22. Qd6 Rd8 23. Qc5 Rb5 24. Qc3 Be7 25. Qxa5 Rxa5 26. Nc5 Bxc5 27. dxc5 Rxd1 28. Rxd1 Rxc5 29. a3 Rc3 30. Rd8+ Kh7 31. Rd3 Rc5 32. h4 g5 33. hxg5 hxg5 34. Be4+ Kg7 35. Re3 a5 36. f3 f5 37. Bd3 Kf6 38. Bf1 f4 39. Rd3 Rc1 40. Rd4 Ra1 41. Ra4 Bb3 42. Rd4 Rxa3 43. g3 fxg3 44. Kg2 Ra1 45. Bb5 a4 46. Rb4 Bc2 47. Rc4 Bd1 48. Rc6+ Ke5 49. Kxg3 a3 50. Rc5+ Kd4 51. Rxg5 a2 52. Rg4+ Kc3 53. Rc4+ Kb3 54. Rc8 Be2 55. Bxe2 Rg1+ 56. Kf2 a1Q 57. Rb8+ Kc3 0-1

[Event "Wch Blitz"]
[Site "Samarkand"]
[Date "2023.12.30"]
[Round "20"]
[White "Nesterov, Arseniy"]
[Black "Esipenko, Andrey"]
[Result "1-0"]
[WhiteElo "2584"]
[BlackElo "2702"]
[PlyCount "101"]
[EventDate "2023.12.29"]
[EventType "swiss (blitz)"]
[EventRounds "21"]
[EventCountry "UZB"]
[SourceTitle "CB01_2024"]
[SourceDate "2024.01.03"]
[SourceVersion "1"]
[SourceVersionDate "2024.01.03"]
[SourceQuality "1"]

1. d4 d5 2. c4 e6 3. Nc3 Be7 4. Nf3 Nf6 5. Bg5 h6 6. Bxf6 Bxf6 7. e3 c6 8. Qc2 Nd7 9. a3 g6 10. Bd3 Bg7 11. 0-0 0-0 12. b4 dxc4 13. Bxc4 e5 14. Qxg6 exd4 15. exd4 Nb6 16. Bb3 Nd5 17. Qd3 Be6 18. Nxd5 Bxd5 19. Bxd5 Qxd5 20. Rac1 Rad8 21. Rfd1 Rfe8 22. g3 Re6 23. Rc5 Qa2 24. Rc2 Qd5 25. Re2 Rf6 26. Kg2 Rfd6 27. Re4 b6 28. Rde1 c5 29. bxc5 bxc5 30. Re8+ Rxe8 31. Rxe8+ Bf8 32. Qe3 Re6 33. Rxe6 Qxe6 34. Qxe6 fxe6 35. dxc5 Bxc5 36. a4 Kf8 37. Ne5 Ke7 38. f4 h5 39. Kf3 Kd6 40. Ke4 Bg1 41. h4 Kc5 42. g4 hxg4 43. Nxg4 Kb4 44. h5 Bc5 45. h6 Bf8 46. Ke5 Kxa4 47. Kxe6 Kb3 48. h7 Bg7 49. f5 a5 50. f6 Bh8 51. f7 1-0

[Event "Wch Blitz"]
[Site "Samarkand"]
[Date "2023.12.29"]
[Round "4"]
[White "Nesterov, Arseniy"]
[Black "Dreev, Alexey"]
[Result "1/2-1/2"]
[WhiteElo "2584"]
[BlackElo "2606"]
[PlyCount "137"]
[EventDate "2023.12.29"]
[EventType "swiss (blitz)"]
[EventRounds "21"]
[EventCountry "UZB"]
[SourceTitle "CB01_2024"]
[SourceDate "2024.01.03"]
[SourceVersion "1"]
[SourceVersionDate "2024.01.03"]
[SourceQuality "1"]

1. d4 d5 2. Nf3 Nf6 3. Bf4 c5 4. e3 e6 5. Nbd2 Qb6 6. Rb1 Bd6 7. Bg3 Bxg3 8. hxg3 Nbd7 9. c3 Qc7 10. Bd3 h6 11. 0-0 0-0 12. c4 cxd4 13. Nxd4 Ne5 14. Be2 dxc4 15. Rc1 Qb6 16. f4 Nc6 17. Nxc4 Qc7 18. Nxc6 bxc6 19. Qd6 Qxd6 20. Nxd6 Rb8 21. b3 Rb6 22. Nc4 Ra6 23. a4 c5 24. Bf3 Nd5 25. Rfd1 Nb4 26. Nd6 Ra5 27. Nc4 Ra6 28. Rd2 Nd5 29. Bxd5 exd5 30. Rxd5 Be6 31. Rxc5 Rb8 32. Rb5 Rxb5 33. axb5 Ra2 34. e4 f6 35. f5 Bf7 36. Rd1 Re2 37. Rd8+ Kh7 38. Rf8 Bxc4 39. bxc4 Rxe4 40. c5 Rc4 41. c6 Rc5 42. g4 h5 43. gxh5 Kh6 44. Rh8+ Kg5 45. Ra8 Kxh5 46. Rxa7 Rxb5 47. Rxg7 Rc5 48. g4+ Kh4 49. c7 Kg3 50. Kf1 Kf3 51. Ke1 Ke3 52. Kd1 Kf4 53. Kd2 Ke4 54. Rf7 Kf4 55. Rg7 Ke4 56. Ke2 Rc2+ 57. Kd1 Rc6 58. Kd2 Rc5 59. Rf7 Kf4 60. Rxf6 Kxg4 61. Rf7 Kf4 62. Kd3 Ke5 63. Re7+ Kd6 64. Rh7 Rxc7 65. Rxc7 Kxc7 66. Ke4 Kd6 67. Kf4 Ke7 68. Ke5 Kf7 69. Ke4 1/2-1/2

[Event "Wch Rapid"]
[Site "Samarkand"]
[Date "2023.12.27"]
[Round "8"]
[White "Nesterov, Arseniy"]
[Black "Iturrizaga Bonelli, Eduardo"]
[Result "1-0"]
[WhiteElo "2584"]
[BlackElo "2600"]
[PlyCount "117"]
[EventDate "2023.12.26"]
[EventType "swiss (rapid)"]
[EventRounds "13"]
[EventCountry "UZB"]
[SourceTitle "CB01_2024"]
[SourceDate "2024.01.03"]
[SourceVersion "1"]
[SourceVersionDate "2024.01.03"]
[SourceQuality "1"]

1. d4 Nf6 2. c4 e6 3. Nf3 Bb4+ 4. Bd2 a5 5. a3 Bxd2+ 6. Qxd2 d6 7. Nc3 Nbd7 8. g4 0-0 9. g5 Nh5 10. 0-0-0 f5 11. e3 b6 12. Be2 Bb7 13. Rhg1 g6 14. Kb1 Qe7 15. Ne1 Ng7 16. Nd3 c6 17. h4 e5 18. d5 cxd5 19. Ne1 d4 20. exd4 Rad8 21. Nc2 Ne6 22. h5 Rfe8 23. hxg6 hxg6 24. dxe5 dxe5 25. Nd5 Bxd5 26. cxd5 Ndc5 27. Bc4 Rd6 28. Rde1 Nf4 29. f3 Kg7 30. Qh2 Nh5 31. Nd4 f4 32. Nb5 Rd7 33. d6 Qd8 34. Nc7 Rf8 35. Rxe5 Rxd6 36. Qe2 Rd7 37. Rxc5 Re7 38. Ne6+ Rxe6 39. Qxe6 bxc5 40. Qe5+ Kh7 41. Re1 Rf5 42. Qe7+ Qxe7 43. Rxe7+ Kh8 44. Ra7 Rxg5 45. Rxa5 Rg3 46. Bd5 Nf6 47. Bc6 Rg1+ 48. Kc2 g5 49. Rxc5 g4 50. fxg4 Nxg4 51. a4 Kg7 52. a5 Kf6 53. Kb3 Ne5 54. a6 f3 55. a7 f2 56. a8Q f1Q 57. Qd8+ Kf5 58. Qf8+ Ke6 59. Qe8+ 1-0

[Event "Wch Rapid"]
[Site "Samarkand"]
[Date "2023.12.26"]
[Round "5"]
[White "Sarana, Alexey"]
[Black "Nesterov, Arseniy"]
[Result "0-1"]
[WhiteElo "2688"]
[BlackElo "2584"]
[PlyCount "92"]
[EventDate "2023.12.26"]
[EventType "swiss (rapid)"]
[EventRounds "13"]
[EventCountry "UZB"]
[SourceTitle "CB01_2024"]
[SourceDate "2024.01.03"]
[SourceVersion "1"]
[SourceVersionDate "2024.01.03"]
[SourceQuality "1"]

1. d4 d5 2. c4 e6 3. Nc3 Nf6 4. Bg5 dxc4 5. e3 c5 6. Bxc4 cxd4 7. exd4 Be7 8. Nf3 0-0 9. 0-0 Nc6 10. Re1 b6 11. Ne5 Bb7 12. Ba6 Qc8 13. Qf3 Na5 14. Bxb7 Qxb7 15. Qxb7 Nxb7 16. Nc6 Bd8 17. Rad1 Nd5 18. Nxd5 Bxg5 19. Re5 h6 20. f4 Bd8 21. Nde7+ Bxe7 22. Nxe7+ Kh7 23. d5 Rfe8 24. Nc6 exd5 25. Rexd5 Rac8 26. Nxa7 Ra8 27. Nc6 Rxa2 28. Rb5 Re2 29. Rb1 Nd6 30. Rxb6 Nc4 31. Rb7 Raxb2 32. R1xb2 Rxb2 33. Rxf7 Ne3 34. g3 Rg2+ 35. Kh1 Rc2 36. Kg1 Rxc6 37. h3 Rc2 38. g4 Nd5 39. f5 Nf4 40. f6 Nxh3+ 41. Kh1 Kg6 42. Rxg7+ Kxf6 43. Rg8 Kf7 44. Rh8 Nf2+ 45. Kg2 Nxg4+ 46. Kg3 Kg7 0-1

[Event "RUS Cup final"]
[Site "Khanty-Mansiysk"]
[Date "2023.12.08"]
[Round "2.2"]
[White "Iljiushenok, Ilia"]
[Black "Nesterov, Arseniy"]
[Result "1/2-1/2"]
[WhiteElo "2547"]
[BlackElo "2584"]
[PlyCount "33"]
[EventDate "2023.12.05"]
[EventType "k.o."]
[EventRounds "4"]
[EventCountry "RUS"]
[SourceTitle "CB50_2023"]
[SourceDate "2023.12.13"]
[SourceVersion "1"]
[SourceVersionDate "2023.12.13"]
[SourceQuality "1"]

1. e4 e5 2. Nf3 Nf6 3. d4 Nxe4 4. Bd3 d5 5. Nxe5 Nd7 6. Nc3 Nxc3 7. bxc3 Bd6 8. Qh5 g6 9. Qh6 Nxe5 10. dxe5 Bxe5 11. 0-0 Qf6 12. Re1 Be6 13. Rb1 Bxc3 14. Bg5 Qg7 15. Rxb7 0-0 16. Qxg7+ Bxg7 17. Rxc7 1/2-1/2

[Event "Khanty-Mansiysk TOP 28 Blitz GP"]
[Site "Khanty-Mansiysk"]
[Date "2023.12.04"]
[Round "7"]
[White "Khripachenko, Alexander"]
[Black "Nesterov, Arseniy"]
[Result "1-0"]
[WhiteElo "2233"]
[BlackElo "2584"]
[PlyCount "95"]
[EventDate "2023.12.04"]
[EventType "tourn (blitz)"]
[EventRounds "13"]
[EventCountry "RUS"]
[EventCategory "10"]
[SourceTitle "CB49_2023"]
[SourceDate "2023.12.06"]
[SourceVersion "1"]
[SourceVersionDate "2023.12.06"]
[SourceQuality "1"]

1. e4 e5 2. Nf3 Nc6 3. Bc4 Nf6 4. d3 Be7 5. a4 a5 6. Nc3 0-0 7. 0-0 d6 8. h3 h6 9. d4 exd4 10. Nxd4 Re8 11. Re1 Bf8 12. Bf4 Nxd4 13. Qxd4 Be6 14. Rad1 Nd7 15. Bg3 Qf6 16. Bxe6 Rxe6 17. Qc4 c6 18. Re2 Rae8 19. Red2 Qg6 20. Kh2 Kh8 21. f3 f5 22. Ne2 d5 23. exd5 Nb6 24. Qd3 Nxd5 25. Nf4 Nxf4 26. Bxf4 Bc5 27. Qc4 Be3 28. Bxe3 Rxe3 29. c3 Qg5 30. h4 Qf6 31. Qf4 Re2 32. Rxe2 Rxe2 33. Rd7 Rxb2 34. Rd6 Qe7 35. Rd4 c5 36. Rd5 Rb6 37. Rxf5 Rf6 38. Rxf6 Qxf6 39. Qxf6 gxf6 40. c4 Kg7 41. Kg3 Kf7 42. Kf4 Ke6 43. g4 Ke7 44. Kf5 b6 45. f4 Kf7 46. g5 fxg5 47. fxg5 hxg5 48. hxg5 1-0

[Event "Khanty-Mansiysk TOP 28 Blitz GP"]
[Site "Khanty-Mansiysk"]
[Date "2023.12.04"]
[Round "13"]
[White "Nesterov, Arseniy"]
[Black "Lobanov, Sergei"]
[Result "0-1"]
[WhiteElo "2584"]
[BlackElo "2502"]
[PlyCount "62"]
[EventDate "2023.12.04"]
[EventType "tourn (blitz)"]
[EventRounds "13"]
[EventCountry "RUS"]
[EventCategory "10"]
[SourceTitle "CB49_2023"]
[SourceDate "2023.12.06"]
[SourceVersion "1"]
[SourceVersionDate "2023.12.06"]
[SourceQuality "1"]

1. d4 Nf6 2. c4 e6 3. g3 d5 4. Bg2 Bb4+ 5. Bd2 Be7 6. Nf3 0-0 7. 0-0 Nbd7 8. Qc2 c6 9. b3 Ne4 10. Bf4 g5 11. Be3 f5 12. Nc3 h6 13. Nxe4 dxe4 14. Ne1 Qe8 15. Rd1 e5 16. d5 cxd5 17. Rxd5 b6 18. f3 Bb7 19. Rd1 Nf6 20. fxe4 Ng4 21. Bc1 Bc5+ 22. e3 Bxe3+ 23. Kh1 Qh5 24. Bf3 Bxe4 25. Bxe4 fxe4 26. Nf3 Rxf3 27. Rxf3 exf3 28. Rd7 Nf6 29. Bxe3 Nxd7 30. Qe4 Rf8 31. Qd5+ Qf7 0-1

[Event "Khanty-Mansiysk TOP 28 Rapid GP"]
[Site "Khanty-Mansiysk"]
[Date "2023.12.01"]
[Round "1"]
[White "Kryakvin, Dmitry"]
[Black "Nesterov, Arseniy"]
[Result "1/2-1/2"]
[WhiteElo "2471"]
[BlackElo "2597"]
[PlyCount "23"]
[EventDate "2023.12.01"]
[EventType "tourn (rapid)"]
[EventRounds "13"]
[EventCountry "RUS"]
[EventCategory "10"]
[SourceTitle "CB49_2023"]
[SourceDate "2023.12.06"]
[SourceVersion "1"]
[SourceVersionDate "2023.12.06"]
[SourceQuality "1"]

1. d4 d5 2. Nf3 Nf6 3. c3 e6 4. Bf4 c5 5. e3 Nc6 6. Nbd2 Be7 7. h3 Bd6 8. Bxd6 Qxd6 9. Bd3 0-0 10. 0-0 Re8 11. dxc5 Qxc5 12. e4 1/2-1/2